| 000 | 00403nam a2200145 a 4500 | ||
|---|---|---|---|
| 001 | 3580 | ||
| 003 | CDMR | ||
| 005 | 20130116135245.0 | ||
| 008 | 130130s1997||||||||||||||||||||||||||||d | ||
| 040 |
_aCDMR _bcat _cCPC LLEIDA |
||
| 100 | 1 |
_aBolòs, Jordi _92217 |
|
| 245 | 1 | 0 |
_aTerritori i Societat a l'Edat Mitjana I _cBOLÒS, Jordi, BUSQUETA, Joan |
| 260 |
_aLleida _c1997 _bUniversitat de Lleida |
||
| 942 | _cMON | ||
| 999 |
_c3580 _d3580 |
||